00386cam a2200145ua 45000010005000000080039000050400009000440820013000531000026000662450050000922500009001422600044001513000017001957000028002125379120901n ii |||gr||||Z||||||eng cMAIN a808.8387 aMoon, A. R.,eEditor,10aCall to adventure an anthologycby A. R. Moon a2nd. aDelhi:bOxford university press,c1984. a224p:c15cm. aEdmundson, J.,eEditor,